02150 a2200133 4500001000700000020001800007040003200025100002400057245001700081260001900098362000900117490002900126520186100155123753 a9788532527486 cEscola Canadense de Niteroi aDel Toro, Guillermo10aNoite Eterna aRio de Janeiro0 a20120 aTrilogia da Escuridão  aA magia e a força narrativa da dupla Guillermo de Toro e Chuck Hogan – o primeiro consagrado pelo premiadíssimo filme O labirinto do fauno, e o segundo, reconhecido por Stephen King como um dos maiores escritores de suspense da atualidade - continuam agora na conclusão da Trilogia da Escuridão, iniciada com o best seller Noturno. Em Noite eterna, a dupla encerra uma saga épica aterradora e vertiginosa, que atualiza as tradicionais histórias de vampiros ao adicionar a elas um suspense eletrizante, com estrutura de investigação policial comparável à de séries de sucesso como CSI, em que os protagonistas têm um olhar científico sobre os fatos. No terceiro volume da saga, os bebedores de sangue, infectados por um vírus letal, ganharam a guerra. Em uma noite aterrorizante, denominada Noite Zero, um terço da humanidade foi eliminada. Depois do sucesso retumbante de seu plano, o Mestre, líder absoluto do movimento dos vampiros, normalizou a situação planetária restaurando uma falsa estrutura de ordem e rotina. Assim, água, energia, as redes de televisão, com seus noticiários, obviamente reprisados, voltaram para os humanos sobreviventes. Ele sabia que deveria haver uma proporção de humanos para alimentar seu exército de strigoi, agora alimentados preferencialmente com sangue B positivo. Com uma narrativa ágil, Noite eterna remete à ideia do Apocalipse, um mundo sem retorno, onde a única saída pode ser a destruição total para que então se comece do zero. O fim dos tempos está próximo. Nele, todos e tudo que se conhecia terão desaparecido. Neste momento, todos os relacionamentos são baseados na força e no domínio. Esta é a crença dominante nesta nova ordem mundial contaminada pelo vampirismo. E nada indica que ela poderá ser efetivamente derrotada.